| 000 | 00402nam a22001697a 4500 | ||
|---|---|---|---|
| 003 | SGT | ||
| 020 | _a9789356966772 | ||
| 082 |
_a618.92 _bP24B |
||
| 100 | _aBEDI, NIDHI | ||
| 245 | _aPIYUSH GUPTA PEDIATRIC DRUG COMPANION | ||
| 250 | _a1ST | ||
| 260 |
_aINDIA _bJAYPEE PUB _c2024 |
||
| 300 | _a434 | ||
| 650 | _aPEDIATRICS | ||
| 653 | _aPIYUSH GUPTA PEDIATRIC DRUG COMPANION | ||
| 942 |
_2ddc _cBK |
||
| 999 |
_c30724 _d30724 |
||